|
|
|
|
| LEADER |
00000naa2a2200000 4500 |
| 001 |
242996 |
| 005 |
20251216094143.0 |
| 035 |
|
|
|a (RuTPU)RU\TPU\book\264324
|
| 035 |
|
|
|a RU\TPU\book\264226
|
| 090 |
|
|
|a 242996
|
| 100 |
|
|
|a 20130913d2013 k y0rusy50 ca
|
| 101 |
0 |
|
|a rus
|
| 102 |
|
|
|a RU
|
| 135 |
|
|
|a drnn ---uucaa
|
| 181 |
|
0 |
|a i
|
| 182 |
|
0 |
|a b
|
| 200 |
1 |
|
|a Оценка устойчивости пеностекольных материалов к действию агрессивных жидкостей
|f М. А. Душкина
|g науч. рук. О. В. Казьмина
|
| 203 |
|
|
|a Текст
|c электронный
|
| 225 |
1 |
|
|a Материаловедение
|
| 300 |
|
|
|a Заглавие с титульного экрана
|
| 320 |
|
|
|a [Библиогр.: с. 49 (5 назв.)]
|
| 337 |
|
|
|a Adobe Reader
|
| 461 |
|
1 |
|0 (RuTPU)RU\TPU\book\263794
|t Современные техника и технологии
|o сборник трудов XIX международной научно-практической конференции студентов, аспирантов и молодых ученых, Томск, 15-19 апреля 2013 г.
|o в 3 т.
|f Национальный исследовательский Томский политехнический университет (ТПУ)
|d 2013
|
| 463 |
|
1 |
|0 (RuTPU)RU\TPU\book\263797
|t Т. 2
|v [С. 48-49]
|d 2013
|
| 610 |
1 |
|
|a труды учёных ТПУ
|
| 610 |
1 |
|
|a электронный ресурс
|
| 610 |
1 |
|
|a оценки
|
| 610 |
1 |
|
|a устойчивость
|
| 610 |
1 |
|
|a пеностекольные материалы
|
| 610 |
1 |
|
|a агрессивные жидкости
|
| 700 |
|
1 |
|a Душкина
|b М. А.
|c специалист в области материаловедения
|c инженер-исследователь Томского политехнического университета
|f 1989-
|g Мария Алексеевна
|3 (RuTPU)RU\TPU\pers\30830
|
| 702 |
|
1 |
|a Казьмина
|b О. В.
|c химик-технолог
|c профессор Томского политехнического университета, доктор технических наук
|f 1967-
|g Ольга Викторовна
|3 (RuTPU)RU\TPU\pers\26196
|4 727
|9 12004
|
| 712 |
0 |
2 |
|a Национальный исследовательский Томский политехнический университет (ТПУ)
|b Институт физики высоких технологий (ИФВТ)
|b Кафедра технологии силикатов и наноматериалов (ТСН)
|3 (RuTPU)RU\TPU\col\18694
|
| 801 |
|
2 |
|a RU
|b 63413507
|c 20130920
|g RCR
|
| 856 |
4 |
|
|u http://www.lib.tpu.ru/fulltext/c/2013/C01/V2/023.pdf
|
| 942 |
|
|
|c CF
|